| 000 | 00672nam a2200217 u 4500 | ||
|---|---|---|---|
| 005 | 20250311063758.0 | ||
| 008 | 120315s2005 r 000 0 eng d | ||
| 020 | _a8497271858 | ||
| 035 | _aUPN01000183702 | ||
| 049 | _aCG | ||
| 050 | 4 |
_aP96 V5 _bC5.8 |
|
| 100 | 1 | _aClemente, Miguel | |
| 245 | 1 | 0 |
_aViolencia y medios de comunicación : _bla socialización postmoderna / _cMiguel Clemente. |
| 260 |
_aMadrid : _bEOS, _c2005. |
||
| 300 | _a281 p. | ||
| 440 | 0 | _aEOS psicología jurídica | |
| 650 | 4 |
_aViolencia en medios masivos de comunicación _94382 |
|
| 650 | 2 |
_aMedios masivos de comunicación _xAspectos sociales _95452 |
|
| 905 | _aLibro | ||
| 999 |
_c155805 _d155805 |
||